00687nam a2200241 a 4500001001300000003000900013005001700022008004100039020001000080082001900090100002100109245002200130260004100152300000900193500003500202505001300237650002200250700002100272902000800293942000700301952012000308999001700428nice12345678IN_TiNIC20260116013720.0050524s1992 kuaa grp 000 0 eng  ac20000a500.80297bHOO aHoodbhoy, Parvez aIslam and Science aKualalampurbS.A.Majeedand Co.c1992 a157p aincludes index and biblioraphy2 aglossary aIslam and Science1 aHoodbhoy, Parvez bSRC cBK 001040708StackRoom-aHMIbHMId2012-07-24g200.00l0o500.80297 HOOp017990r2012-07-24v200.00w2005-05-24yBK c12124d12124